00988nam a2200181 a 450000100100000000500170001000800410002704000250006810000250009324501120011826001170023030000430034750000630039095201200045395201050057395201110067899900170078900003810720201002031157.0130314s1989 dr abd 000 0 spa d aDO-SdBNPbspacBNPHU1 aCruz, Roberto96448810aAtlas geográfico-histórico de la provincia valverde : . :b(aporte para el desarrollo) /cRoberto Cruz. aSanto Domingo :bAsociación Noroestana de Ahorrro y PrestamobMuseo Nacional de Historia y Geografía,c1989. a155 p. :bil., mapas, retrs. ;c29 cm. aIncluye datos biográficos del autor en la contracubierta 001054708DSaGRbGRcHDd2015-02-19iLF1l0o p38107-30r2020-06-25te. 3w2020-06-25yLFDSZPréstamo en sala 0010718PDaPDbPDcHDd2013-03-14iLF1l0o p38107-10r2020-06-25w2020-06-25yLFPDZNo se presta 0010718PDaPDbPDcHDd2015-02-19iLF1l0o p38107-20r2020-06-25te. 2w2020-06-25yLFPDZNo se presta c37597d37597